000 00323nam a22001457a 4500
003 OSt
020 _a812192345.
040 _c0
082 _222
_a005.438
100 _aSinha, Prosenjit.
245 _aVisual Basic Complete /
260 _bNew Delhi S .chand,
_cc2008.
300 _ax, 292p, ;
_bNA
_c24 cm.
942 _2ddc
_cIT
999 _c4629
_d4629